[Event "TCh-TUR Super League 2014"]
[Site "Kocaeli TUR"]
[Date "2014.08.29"]
[Round "13.2"]
[Board "7"]
[White "Komut, Burak"]
[Black "Iskandarov, Misratdin"]
[Result "1-0"]
[BlackTitle "IM"]
[WhiteElo "1951"]
[BlackElo "2397"]
[WhiteTeam "Tarsus Zeka Satranc Kulubu"]
[BlackTeam "Mersin Ezgi Satranc Kulubu"]
[WhiteFideId "6309984"]
[BlackFideId "13400312"]
[EventDate "2014.08.18"]

1. d4 g6 2. Nf3 Bg7 3. g3 f5 4. Bg2 Nf6 5. c4 O-O 6. Nc3 d6 7. O-O c6 8. d5 e5
9. e4 c5 10. Ng5 h6 11. Ne6 Bxe6 12. dxe6 Nc6 13. exf5 gxf5 14. Nb5 Ne8 15. Bd5
Qe7 16. Qh5 Nf6 17. Qg6 Nxd5 18. cxd5 Rf6 19. Qh5 Nb4 20. Nc3 Raf8 21. f4 e4 22.
a3 Nd3 23. Rb1 Kh7 24. g4 Rg6 25. g5 Qe8 26. Qh3 Kg8 27. Kh1 b5 28. Qg2 b4 29.
Nxe4 fxe4 30. f5 Bd4 31. fxg6 Nf2+ 32. Rxf2 Rxf2 33. Qxe4 Qf8 34. Be3 Rf1+ 35.
Kg2 Rxb1 36. e7 Rxb2+ 37. Kg3 Be5+ 38. Qxe5 dxe5 39. exf8=Q+ Kxf8 40. gxh6 Rb3
41. Kf2 Rb2+ 42. Kf3 Rxh2 43. Bxc5+ Kg8 44. h7+ Kg7 45. d6 Rh3+ 46. Kg4 Rd3 47.
axb4 e4 48. Kf4 e3 49. Kf3 a5 50. bxa5 1-0

[Event "TCh-TUR Super League 2014"]
[Site "Kocaeli TUR"]
[Date "2014.08.29"]
[Round "13.2"]
[Board "8"]
[White "Ibrahimova, Sabina"]
[Black "Kaplan, Ebru"]
[Result "1/2-1/2"]
[WhiteTitle "WIM"]
[WhiteElo "2263"]
[BlackElo "1882"]
[WhiteTeam "Mersin Ezgi Satranc Kulubu"]
[BlackTeam "Tarsus Zeka Satranc Kulubu"]
[WhiteFideId "13403893"]
[BlackFideId "6315194"]
[EventDate "2014.08.18"]

1. e4 e5 2. Nf3 Nc6 3. Bb5 a6 4. Ba4 Nf6 5. O-O Be7 6. Qe2 b5 7. Bb3 d6 8. h3
Na5 9. d3 O-O 10. Re1 Nxb3 11. axb3 c5 12. Nbd2 h6 13. Nf1 Be6 14. Bd2 Nh7 15.
Ng3 Qd7 16. Nh2 Bh4 17. Qf3 Ra7 18. Be3 f5 19. exf5 Bxf5 20. Nxf5 Rxf5 21. Qd5+
Kh8 22. b4 Nf6 23. Qb3 Qc6 24. Nf3 Rxf3 25. gxf3 Qxf3 26. Qe6 h5 27. bxc5 Nd5
28. Rf1 Rf7 29. Qg6 Nxe3 30. fxe3 Qxe3+ 31. Kh1 Qxh3+ 32. Kg1 Qe3+ 33. Kh1 Qh3+
34. Kg1 Bg3 35. Rxf7 Qh2+ 36. Kf1 Qh1+ 37. Ke2 Qg2+ 38. Kd1 Qg1+ 39. Ke2 1/2-1/2

[Event "TCh-TUR Super League 2014"]
[Site "Kocaeli TUR"]
[Date "2014.08.29"]
[Round "13.2"]
[Board "9"]
[White "Sevgi, Volkan"]
[Black "Oner, Oguz"]
[Result "1-0"]
[WhiteTitle "FM"]
[WhiteElo "2142"]
[BlackElo "1787"]
[WhiteTeam "Tarsus Zeka Satranc Kulubu"]
[BlackTeam "Mersin Ezgi Satranc Kulubu"]
[WhiteFideId "6325335"]
[BlackFideId "6329330"]
[EventDate "2014.08.18"]

1. e4 e5 2. Nf3 Nc6 3. c3 d5 4. Qa4 f6 5. d3 Ne7 6. Nbd2 Be6 7. b4 a6 8. Qc2 Ng6
9. Nb3 Be7 10. h4 O-O 11. h5 Nh8 12. Nh4 f5 13. Nxf5 Bxf5 14. exf5 Rxf5 15. Be2
Rf8 16. Rh3 Nf7 17. Nc5 Bxc5 18. bxc5 Qe7 19. Qb3 d4 20. Rg3 e4 21. dxe4 Qxe4
22. Rg4 Qe5 23. Bf4 Qe7 24. Kf1 Kh8 25. Qxb7 Rae8 26. Bf3 Nfe5 27. Re1 Qxc5 28.
Bxc6 Nxg4 29. Bxe8 Rxf4 30. Qc8 Rxf2+ 31. Kg1 Rf8 32. Qxg4 dxc3+ 33. Kh2 c2 34.
h6 gxh6 35. Ba4 c1=Q 36. Rxc1 Qxc1 37. Qd4+ Kg8 38. Bb3+ Rf7 39. Qf6 1-0

[Event "TCh-TUR Super League 2014"]
[Site "Kocaeli TUR"]
[Date "2014.08.29"]
[Round "13.2"]
[Board "10"]
[White "Mutlu, Beste"]
[Black "Okuyaz, Duru"]
[Result "1-0"]
[BlackTitle "WCM"]
[WhiteElo "1629"]
[BlackElo "1888"]
[WhiteTeam "Mersin Ezgi Satranc Kulubu"]
[BlackTeam "Tarsus Zeka Satranc Kulubu"]
[WhiteFideId "6325050"]
[BlackFideId "6346022"]
[EventDate "2014.08.18"]

1. e4 c5 2. Nf3 e6 3. d3 Nc6 4. g3 Bd6 5. Bg2 Bc7 6. O-O d6 7. c3 e5 8. Be3 Nge7
9. d4 cxd4 10. cxd4 O-O 11. Nc3 Bg4 12. Qa4 Bb6 13. d5 Nb8 14. Bxb6 Qxb6 15.
Rfc1 Na6 16. Nd2 Nc5 17. Qc2 Rac8 18. Nc4 Qd8 19. Ne3 Qd7 20. Nxg4 Qxg4 21. Nb5
Qd7 22. Qe2 a6 23. Nc3 f5 24. Bh3 Qe8 25. b4 Nd7 26. Qe3 Qh5 27. Bg2 f4 28. Qd2
f3 29. Bf1 Nf6 30. h4 h6 31. Bh3 Ng4 32. Nd1 Rxc1 33. Rxc1 Ng6 34. Ne3 Nxe3 35.
Qxe3 Nf4 36. gxf4 exf4 37. Qd3 g5 38. Be6+ Rf7 39. Rc8+ Kh7 40. Bf5+ Rxf5 41.
exf5 Qg4+ 42. Kf1 Qg2+ 43. Ke1 Qg1+ 44. Qf1 Qg2 45. hxg5 hxg5 46. Rc7+ Kg8 47.
Rd7 g4 48. Rxd6 Kf7 49. Rg6 b5 50. d6 g3 51. fxg3 Qxa2 52. Qxf3 Qb1+ 53. Kf2
Qb2+ 54. Kg1 Qc1+ 55. Kg2 Qb2+ 56. Qf2 f3+ 57. Kxf3 Qc3+ 58. Qe3 Qc6+ 59. Kg4
Qc4+ 60. Kh5 1-0

[Event "TCh-TUR Super League 2014"]
[Site "Kocaeli TUR"]
[Date "2014.08.29"]
[Round "13.3"]
[Board "1"]
[White "Ding, Liren"]
[Black "Yurtseven, Melih"]
[Result "1-0"]
[WhiteTitle "GM"]
[WhiteElo "2742"]
[BlackElo "2271"]
[WhiteTeam "T.S. Alyans Satranc Spor Kulubu"]
[BlackTeam "Antalya Calli Spor Kulubu"]
[WhiteFideId "8603677"]
[BlackFideId "6312160"]
[EventDate "2014.08.18"]

1. d4 Nf6 2. c4 c5 3. d5 e6 4. Nc3 exd5 5. cxd5 d6 6. Nf3 g6 7. Nd2 Nbd7 8. e4
a6 9. a4 Bg7 10. Be2 O-O 11. O-O Qe7 12. Re1 Re8 13. Qc2 Ne5 14. b3 h5 15. Bb2
Nfg4 16. Nd1 Qh4 17. h3 Nf6 18. Bf1 Bh6 19. Bxe5 Bxd2 20. Qxd2 Rxe5 21. Nc3 Nh7
22. Rad1 Re8 23. f4 Bd7 24. e5 Bf5 25. Kh2 Rad8 26. g3 Qe7 27. Re3 Nf8 28. Rde1
Nd7 29. exd6 Qf8 30. Re7 Nf6 31. Qe3 Qg7 32. Qe5 h4 33. g4 Bd7 34. g5 Nh5 35.
Rxd7 Rxe5 36. Rxd8+ Kh7 37. fxe5 Ng3 38. Re8 1-0

[Event "TCh-TUR Super League 2014"]
[Site "Kocaeli TUR"]
[Date "2014.08.29"]
[Round "13.3"]
[Board "3"]
[White "Haznedaroglu, Kivanc"]
[Black "Sari, Yasin"]
[Result "0-1"]
[WhiteTitle "GM"]
[WhiteElo "2471"]
[BlackElo "2076"]
[WhiteTeam "T.S. Alyans Satranc Spor Kulubu"]
[BlackTeam "Antalya Calli Spor Kulubu"]
[WhiteFideId "6300634"]
[BlackFideId "6320902"]
[EventDate "2014.08.18"]

1. e4 c5 2. c3 d5 3. exd5 Qxd5 4. d4 Nf6 5. Nf3 e6 6. Na3 Qd8 7. Nc2 Be7 8. Bd3
O-O 9. O-O b6 10. Qe2 Bb7 11. Bf4 Nbd7 12. Rad1 Qc8 13. Rfe1 a6 14. Ne5 Nxe5 15.
Bxe5 Qc6 16. f3 Rad8 17. Qf2 c4 18. Bxf6 Bxf6 19. Be4 Qc7 20. Ne3 b5 21. Ng4 Be7
22. Bxb7 Qxb7 23. Qg3 b4 24. Ne5 Rd5 25. f4 Ra5 26. Ra1 Qd5 27. Qg4 bxc3 28.
bxc3 Ra3 29. Re3 Rxc3 30. Nc6 Bf6 31. Rxc3 Bxd4+ 32. Kf1 Qxc6 33. Rac1 Bxc3 34.
Rxc3 Rb8 35. Qe2 Rc8 36. h3 Qc5 37. Qe4 Qd5 38. Qe3 Rd8 39. Qe2 Rc8 40. Qe3 g6
41. Qc1 Qd4 42. Ke2 Kg7 43. Kf3 Rc5 44. Kg3 h5 45. Kh2 h4 46. Kh1 Qe4 47. Kh2 f6
48. Kh1 Qd4 49. Kh2 e5 50. fxe5 fxe5 51. Rf3 e4 52. Rc3 Qd6+ 53. Kg1 Rd5 54. Qe3
Rd1+ 55. Kf2 Qf6+ 0-1

[Event "TCh-TUR Super League 2014"]
[Site "Kocaeli TUR"]
[Date "2014.08.29"]
[Round "13.3"]
[Board "4"]
[White "Burcu, Cagatay"]
[Black "Arduman, Can"]
[Result "1/2-1/2"]
[BlackTitle "IM"]
[WhiteElo "2099"]
[BlackElo "2347"]
[WhiteTeam "Antalya Calli Spor Kulubu"]
[BlackTeam "T.S. Alyans Satranc Spor Kulubu"]
[WhiteFideId "6310630"]
[BlackFideId "6300022"]
[EventDate "2014.08.18"]

1. d4 Nf6 2. Nf3 e6 3. Nbd2 c5 4. e3 b6 5. Bd3 cxd4 6. exd4 Bb7 7. O-O Be7 8.
Re1 O-O 9. Nf1 d6 10. Ng3 Nbd7 11. c3 Re8 12. Bg5 a6 13. Qe2 Qc7 14. Rad1 b5 15.
a3 Bd5 16. Nd2 Qc6 17. Bxf6 Nxf6 18. Nde4 Nxe4 19. Bxe4 Bxe4 20. Nxe4 d5 21. Ng3
g6 22. Qg4 f5 23. Qf4 Bf6 24. h4 Kg7 25. Rd3 Ra7 26. Nf1 Qc7 27. Qxc7+ Rxc7 28.
g3 a5 29. Nd2 Kf7 30. Nb3 b4 31. axb4 axb4 32. Rde3 bxc3 33. bxc3 Rc6 34. Kg2
Be7 35. Nd2 h6 36. Nf3 Bf6 37. Rb1 Re7 38. Rb3 Rec7 39. Kf1 Ra6 40. Ne5+ Bxe5
41. Rxe5 Kf6 42. Kg2 Rcc6 43. Re2 Ra1 44. Kf3 Rc1 45. Re3 Rc2 46. Ra3 g5 47.
hxg5+ hxg5 48. Rb3 g4+ 49. Kg2 Rc1 50. f4 Rc2+ 51. Kg1 Ke7 52. Ra3 Kd6 53. Kf1
Ke7 54. Kg1 Kf7 55. Ra7+ Kg6 56. Ra3 Kh5 57. Kf1 Rb6 58. Re2 Rb1+ 59. Kf2 Rxe2+
60. Kxe2 Rb2+ 61. Kf1 Kg6 62. Ra7 Kf6 63. Rc7 Ra2 64. Kg1 Ra8 65. Kf2 Re8 66.
Ke3 Rh8 67. Kf2 Rh1 68. Kg2 Rd1 69. Kf2 Rd3 70. Kg2 Rd2+ 71. Kf1 1/2-1/2

[Event "TCh-TUR Super League 2014"]
[Site "Kocaeli TUR"]
[Date "2014.08.29"]
[Round "13.3"]
[Board "5"]
[White "Akcan, Umit"]
[Black "Tasdogen, Dincer"]
[Result "0-1"]
[WhiteElo "2045"]
[BlackElo "1797"]
[WhiteTeam "T.S. Alyans Satranc Spor Kulubu"]
[BlackTeam "Antalya Calli Spor Kulubu"]
[WhiteFideId "6301371"]
[BlackFideId "6367097"]
[EventDate "2014.08.18"]

1. e4 c5 2. Nf3 e6 3. d4 cxd4 4. Nxd4 Nf6 5. Nc3 Nc6 6. Ndb5 Bb4 7. a3 Bxc3+ 8.
Nxc3 d5 9. exd5 exd5 10. Bd3 O-O 11. O-O d4 12. Ne4 Bf5 13. Bg5 Bxe4 14. Bxe4 h6
15. Bh4 g5 16. Bxc6 bxc6 17. Bg3 Qd5 18. Qd3 Ne4 19. Rad1 Rad8 20. f4 f5 21.
fxg5 hxg5 22. Bf2 Qe6 23. b4 Nc3 24. Rde1 Qd5 25. Qh3 Ne4 26. Rd1 Nc3 27. Rd2
Ne4 28. Rd3 g4 29. Qh6 Rd6 30. Qf4 Qc4 31. Re1 Qxc2 32. Rxd4 Rg6 33. Rd7 Qc3 34.
Rxa7 g3 35. hxg3 Qb2 36. Rf1 Qc3 37. Qc7 Qh8 38. Qd7 Rh6 0-1

[Event "TCh-TUR Super League 2014"]
[Site "Kocaeli TUR"]
[Date "2014.08.29"]
[Round "13.3"]
[Board "6"]
[White "Mammadova, Gulnar"]
[Black "Wang, Jue"]
[Result "1-0"]
[WhiteTitle "WGM"]
[BlackTitle "WGM"]
[WhiteElo "2334"]
[BlackElo "2368"]
[WhiteTeam "Antalya Calli Spor Kulubu"]
[BlackTeam "T.S. Alyans Satranc Spor Kulubu"]
[WhiteFideId "13403508"]
[BlackFideId "8604070"]
[EventDate "2014.08.18"]

1. e4 c5 2. Nf3 e6 3. c3 Nf6 4. e5 Nd5 5. d4 cxd4 6. cxd4 b6 7. Nc3 Nxc3 8. bxc3
Qc7 9. Bd2 Bb7 10. Bd3 d6 11. O-O Be7 12. Bb5+ Bc6 13. Bxc6+ Nxc6 14. exd6 Bxd6
15. c4 O-O 16. Rc1 Qd7 17. c5 Be7 18. Qa4 Rfc8 19. cxb6 axb6 20. Qb5 Bf6 21. Rc2
Ne5 22. Qxd7 Nxd7 23. Rfc1 Rxc2 24. Rxc2 Kf8 25. Kf1 Ke8 26. Ke2 Kd8 27. g4 Ra4
28. Be3 h6 29. h4 Ra5 30. Bd2 Rd5 31. Be3 Ra5 32. Bd2 Ra4 33. Be3 Ra5 34. Bd2
Rd5 35. Be3 b5 36. Rc6 Be7 37. g5 hxg5 38. hxg5 g6 39. Bf4 Rf5 40. Ke3 b4 41.
Ra6 Kc8 42. Ra8+ Kb7 43. Re8 Bf8 44. Ne5 Nxe5 45. Bxe5 Bc5 46. f4 Bb6 47. Kd3
Kc6 48. Kc4 Ba5 49. Ra8 Kb6 50. Rb8+ Ka7 51. Rh8 Ka6 52. Kc5 Kb7 53. Rb8+ Ka7
54. Kc6 1-0

[Event "TCh-TUR Super League 2014"]
[Site "Kocaeli TUR"]
[Date "2014.08.29"]
[Round "13.3"]
[Board "7"]
[White "Topak, Engin"]
[Black "Sipahioglu, Irmak"]
[Result "1/2-1/2"]
[WhiteTitle "FM"]
[WhiteElo "2208"]
[BlackElo "2133"]
[WhiteTeam "T.S. Alyans Satranc Spor Kulubu"]
[BlackTeam "Antalya Calli Spor Kulubu"]
[WhiteFideId "6300324"]
[BlackFideId "6307205"]
[EventDate "2014.08.18"]

1. Nf3 d5 2. g3 c5 3. Bg2 f6 4. d4 cxd4 5. Nxd4 Nc6 6. Nxc6 bxc6 7. c4 e6 8. O-O
Bb7 9. Nc3 Qd7 10. Qa4 Bc5 11. Rd1 Ne7 12. Ne4 Bb6 13. Qa3 O-O 14. Nc5 Bxc5 15.
Qxc5 Rfd8 16. b3 Qd6 17. Qxd6 Rxd6 18. Ba3 Rd7 19. Rd2 Kf7 20. Rad1 Rad8 21. e4
Ke8 22. exd5 cxd5 23. Bxe7 Kxe7 24. cxd5 Bxd5 25. Bxd5 Rxd5 26. Rxd5 exd5 27.
Kf1 Kd6 1/2-1/2

[Event "TCh-TUR Super League 2014"]
[Site "Kocaeli TUR"]
[Date "2014.08.29"]
[Round "13.3"]
[Board "8"]
[White "Durmaz, Ayca Fatma"]
[Black "Soydan, Busra"]
[Result "1/2-1/2"]
[WhiteTitle "WCM"]
[WhiteElo "1867"]
[BlackElo "1762"]
[WhiteTeam "Antalya Calli Spor Kulubu"]
[BlackTeam "T.S. Alyans Satranc Spor Kulubu"]
[WhiteFideId "6317855"]
[BlackFideId "6318673"]
[EventDate "2014.08.18"]

1. c4 e6 2. Nf3 Nf6 3. g3 d5 4. b3 Be7 5. Bb2 O-O 6. Bg2 c5 7. cxd5 Nxd5 8. O-O
Nc6 9. Nc3 b6 10. Nxd5 exd5 11. d4 Be6 12. Rc1 a5 13. e3 Qd6 14. Ba3 Nb4 15. Qd2
Rac8 16. Rfd1 Rfd8 17. h3 Qb8 18. Kh2 Qa8 19. Bf1 a4 20. Bxb4 cxb4 1/2-1/2

[Event "TCh-TUR Super League 2014"]
[Site "Kocaeli TUR"]
[Date "2014.08.29"]
[Round "13.3"]
[Board "10"]
[White "Altinoz, Fevziye Ece"]
[Black "Ozbay, Ece"]
[Result "1-0"]
[WhiteElo "1488"]
[BlackElo "1611"]
[WhiteTeam "Antalya Calli Spor Kulubu"]
[BlackTeam "T.S. Alyans Satranc Spor Kulubu"]
[WhiteFideId "6358942"]
[BlackFideId "6351743"]
[EventDate "2014.08.18"]

1. e4 c5 2. Nf3 Nc6 3. Bb5 g6 4. Nc3 Nd4 5. Bc4 Bg7 6. O-O d6 7. Ng5 e6 8. d3
Ne7 9. Ne2 d5 10. Bb3 Nxb3 11. axb3 b6 12. Ng3 O-O 13. Nf3 Qc7 14. Rb1 Bb7 15.
Re1 Nc6 16. Bg5 f6 17. Bd2 Rfe8 18. Qc1 Re7 19. Bf4 e5 20. Bh6 Nd4 21. Nxd4 cxd4
22. Bxg7 Kxg7 23. exd5 Bxd5 24. Qd1 Rc8 25. Rc1 Qb7 26. f3 Rec7 27. Qd2 Rc6 28.
b4 Qc7 29. Re2 Bb3 30. Qe1 Bxc2 31. Rd2 Bb3 32. Rxc6 Qxc6 33. Ne2 Qa4 34. f4
Qxb4 35. fxe5 fxe5 36. Ng3 Qa5 37. Qe2 Rc1+ 38. Nf1 Be6 39. h3 Bf5 40. g4 Be6
41. Qf2 h5 42. gxh5 Bxh3 43. h6+ Kh7 44. Qf7+ Kxh6 45. Rh2 Qe1 46. Rxh3+ Kg5 47.
Rf3 a5 48. Qf6+ Kg4 49. Rf2 Qe3 50. Qxg6+ Kh4 51. Qh7+ Kg4 52. Kg2 Qe1 53. Qh3+
Kg5 54. Rf5+ Kg6 55. Qg4+ Kh7 56. Rh5# 1-0

[Event "TCh-TUR Super League 2014"]
[Site "Kocaeli TUR"]
[Date "2014.08.29"]
[Round "13.4"]
[Board "1"]
[White "Heberla, Bartlomiej"]
[Black "Guner, Sati Emre"]
[Result "1-0"]
[WhiteTitle "GM"]
[WhiteElo "2574"]
[BlackElo "2041"]
[WhiteTeam "Turk Hava Yollari Spor Kulubu"]
[BlackTeam "Aliaga Genclik VE Spor Kulubu Dernegi"]
[WhiteFideId "1115120"]
[BlackFideId "6304192"]
[EventDate "2014.08.18"]

1. Nf3 d5 2. e3 Nf6 3. c4 c6 4. Nc3 a6 5. Qc2 g6 6. d4 Bg7 7. Bd3 O-O 8. O-O
Nbd7 9. cxd5 cxd5 10. Qb3 e6 11. Bd2 Nb8 12. Na4 Nc6 13. Rfc1 Re8 14. Nb6 Rb8
15. Nxc8 Qxc8 16. Ne5 Nd7 17. Nxc6 bxc6 18. Qa4 Rxb2 19. Rxc6 Qb8 20. Bc3 Rb7
21. Rc1 e5 22. Bxa6 Rb1 23. Bd2 exd4 24. Rxb1 Qxb1+ 25. Rc1 Qf5 26. Bb5 dxe3 27.
Bxe3 Rd8 28. Bxd7 Rxd7 29. Qa8+ 1-0

[Event "TCh-TUR Super League 2014"]
[Site "Kocaeli TUR"]
[Date "2014.08.29"]
[Round "13.4"]
[Board "2"]
[White "Yasar, Ugur"]
[Black "Gagunashvili, Merab"]
[Result "0-1"]
[BlackTitle "GM"]
[WhiteElo "1777"]
[BlackElo "2573"]
[WhiteTeam "Aliaga Genclik VE Spor Kulubu Dernegi"]
[BlackTeam "Turk Hava Yollari Spor Kulubu"]
[WhiteFideId "6324754"]
[BlackFideId "13601652"]
[EventDate "2014.08.18"]

1. d4 Nf6 2. Nf3 g6 3. c4 Bg7 4. Nc3 O-O 5. e4 d6 6. Be2 Nbd7 7. h3 e5 8. Be3
exd4 9. Nxd4 Re8 10. f3 c6 11. O-O d5 12. cxd5 cxd5 13. Qc2 dxe4 14. Nxe4 Nxe4
15. fxe4 Nf6 16. Qb3 Rxe4 17. Rad1 Qe7 18. Bf2 Be6 19. Nxe6 Rxe6 20. Bf3 Ne4 21.
Bxe4 Rxe4 22. Rde1 Bd4 23. Rxe4 Qxe4 24. Bxd4 Qxd4+ 25. Kh1 Qd7 26. Rd1 Qc7 27.
Qd5 Re8 28. Qd2 h5 29. Re1 Rd8 30. Qf2 a6 31. a3 Qd6 32. Rf1 Rd7 33. Qe3 Re7 34.
Qc3 Qd8 35. Qf6 Qe8 36. Qc3 Re2 37. Qb3 Re1 38. Rxe1 Qxe1+ 39. Kh2 Qe4 40. Kg3
Kf8 41. Qb6 Qd5 42. Kf2 Ke7 43. a4 Qc6 44. Qb4+ Kd7 45. a5 Ke6 46. Qb3+ Qd5 47.
Qe3+ Kf5 48. Qc3 g5 49. Qc8+ Ke4 50. Qe8+ Qe5 51. Qxf7 Qxb2+ 52. Kg1 Qc1+ 53.
Kf2 Qe3+ 54. Kf1 Qf4+ 55. Qxf4+ Kxf4 56. Kf2 Ke4 57. g3 Kd4 58. Kf3 Ke5 0-1

[Event "TCh-TUR Super League 2014"]
[Site "Kocaeli TUR"]
[Date "2014.08.29"]
[Round "13.4"]
[Board "3"]
[White "Soysal, Serkan"]
[Black "Ozkan, Ufuk"]
[Result "1-0"]
[WhiteElo "2261"]
[BlackElo "1717"]
[WhiteTeam "Turk Hava Yollari Spor Kulubu"]
[BlackTeam "Aliaga Genclik VE Spor Kulubu Dernegi"]
[WhiteFideId "6349250"]
[BlackFideId "6349218"]
[EventDate "2014.08.18"]

1. e4 d5 2. exd5 Nf6 3. c4 c6 4. d4 cxd5 5. Nc3 e6 6. Nf3 Bb4 7. cxd5 Nxd5 8.
Bd2 O-O 9. Bd3 Nc6 10. O-O b6 11. a3 Be7 12. Nxd5 Qxd5 13. Qc2 Nxd4 14. Nxd4
Qxd4 15. Bxh7+ Kh8 16. Bc3 Qh4 17. Be4 Rb8 18. Rfe1 Bb7 19. Bxb7 Rxb7 20. Re3 1-0

[Event "TCh-TUR Super League 2014"]
[Site "Kocaeli TUR"]
[Date "2014.08.29"]
[Round "13.4"]
[Board "4"]
[White "Demiral, Abdulkadir"]
[Black "Genc, Cihan Sevinc"]
[Result "1/2-1/2"]
[WhiteElo "1699"]
[BlackElo "2213"]
[WhiteTeam "Aliaga Genclik VE Spor Kulubu Dernegi"]
[BlackTeam "Turk Hava Yollari Spor Kulubu"]
[WhiteFideId "6349021"]
[BlackFideId "6304370"]
[EventDate "2014.08.18"]

1. d4 Nf6 2. Nf3 e6 3. Bf4 c5 4. c3 Nc6 5. e3 d5 6. Nbd2 Be7 7. h3 Bd6 8. Bxd6
Qxd6 9. Bb5 O-O 10. O-O Bd7 11. Qe2 Rfd8 12. Nb3 b6 13. Rad1 a6 14. Bxc6 Bxc6
15. Rfe1 Bb5 16. Qc2 Qe7 17. Nbd2 Bc6 18. Ne5 Bb7 19. Ng4 Ne8 20. f4 Nd6 21. Nf3
f6 22. Nf2 Rac8 23. Qb3 b5 24. Nd2 Ne4 25. Ndxe4 dxe4 26. dxc5 Bd5 27. Qa3 Rxc5
28. Nxe4 Bxe4 29. Rxd8+ Qxd8 30. Qxc5 Qd2 31. Qc8+ Kf7 32. Qc7+ Kf8 33. Qc8+ Kf7
34. Qc7+ Kf8 35. Qc5+ Kg8 1/2-1/2

[Event "TCh-TUR Super League 2014"]
[Site "Kocaeli TUR"]
[Date "2014.08.29"]
[Round "13.4"]
[Board "7"]
[White "Yargici, Mazhar Kutay"]
[Black "Cingoz, Ozan"]
[Result "1/2-1/2"]
[WhiteElo "1992"]
[BlackElo "1930"]
[WhiteTeam "Turk Hava Yollari Spor Kulubu"]
[BlackTeam "Aliaga Genclik VE Spor Kulubu Dernegi"]
[WhiteFideId "6310400"]
[BlackFideId "6333397"]
[EventDate "2014.08.18"]

1. e4 e5 2. Nf3 Nc6 3. d4 exd4 4. Bc4 Nf6 5. O-O Nxe4 6. Re1 d5 7. Bxd5 Qxd5 8.
Nc3 Qa5 9. Nxe4 Be7 10. Bg5 Be6 11. Bxe7 Nxe7 12. Qxd4 O-O 13. Neg5 Nc6 14. Qf4
Rae8 15. Nxe6 Rxe6 16. Rxe6 fxe6 17. Qe3 Qd5 18. c3 h6 19. b3 Rd8 20. Re1 Rd6
21. h3 Qd3 22. Ne5 Qxe3 23. Rxe3 Nxe5 24. Rxe5 Rd1+ 25. Kh2 Rd2 26. Rxe6 Rxf2
27. Re7 Rxa2 28. Rxc7 Rc2 29. Rxb7 Rxc3 30. b4 Rb3 31. Kg1 a5 32. b5 a4 33. Ra7
Rxb5 34. Rxa4 1/2-1/2

[Event "TCh-TUR Super League 2014"]
[Site "Kocaeli TUR"]
[Date "2014.08.29"]
[Round "13.4"]
[Board "8"]
[White "Ozaltun, Gokce"]
[Black "Ozturk, Hilal"]
[Result "0-1"]
[WhiteElo "1433"]
[BlackElo "1816"]
[WhiteTeam "Aliaga Genclik VE Spor Kulubu Dernegi"]
[BlackTeam "Turk Hava Yollari Spor Kulubu"]
[WhiteFideId "6345069"]
[BlackFideId "6315330"]
[EventDate "2014.08.18"]

1. e4 e5 2. Nf3 Nc6 3. Bb5 a6 4. Ba4 d6 5. c3 g6 6. d4 Bd7 7. Be3 Bg7 8. O-O
Nge7 9. Nbd2 O-O 10. a3 h6 11. h3 Kh7 12. d5 Nb8 13. c4 Bxa4 14. Qxa4 f5 15.
exf5 gxf5 16. Qc2 Kh8 17. Nb1 f4 18. Bd2 Nf5 19. Re1 Qf6 20. Nc3 Nd7 21. Ne4 Qf7
22. Rab1 Rg8 23. Kh1 Bf8 24. Rg1 Be7 25. Qd1 Nf6 26. Nxf6 Bxf6 27. Qe2 Rae8 28.
Qe4 Qh5 29. b4 Qg6 30. Kh2 Nh4 31. Qxg6 Nxg6 32. Bc3 Rgf8 33. Rbe1 c6 34. dxc6
bxc6 35. Nd2 d5 36. cxd5 cxd5 37. Bb2 e4 38. Bxf6+ Rxf6 39. Nb3 e3 40. fxe3 fxe3
41. Kg3 Re4 42. Nc5 Re7 43. Nd3 e2 44. Rc1 Re3+ 0-1

[Event "TCh-TUR Super League 2014"]
[Site "Kocaeli TUR"]
[Date "2014.08.29"]
[Round "13.4"]
[Board "10"]
[White "Ozaltun, Ecem"]
[Black "Sapmaz, Dilay"]
[Result "1/2-1/2"]
[WhiteElo "1531"]
[BlackElo "1408"]
[WhiteTeam "Aliaga Genclik VE Spor Kulubu Dernegi"]
[BlackTeam "Turk Hava Yollari Spor Kulubu"]
[WhiteFideId "6345050"]
[BlackFideId "6322883"]
[EventDate "2014.08.18"]

1. d4 d5 2. Nf3 Nf6 3. e3 g6 4. c4 c6 5. Nc3 Bg7 6. Bd3 O-O 7. O-O Nbd7 8. Qc2
dxc4 9. Bxc4 Nb6 10. Bd3 Nfd5 11. a3 Qc7 12. h3 Bd7 13. Bd2 Rac8 14. Rac1 Qb8
15. Qd1 Rfd8 1/2-1/2

[Event "TCh-TUR Super League 2014"]
[Site "Kocaeli TUR"]
[Date "2014.08.29"]
[Round "13.5"]
[Board "1"]
[White "Inarkiev, Ernesto"]
[Black "Grachev, Boris"]
[Result "1/2-1/2"]
[WhiteTitle "GM"]
[BlackTitle "GM"]
[WhiteElo "2666"]
[BlackElo "2672"]
[WhiteTeam "Denizsu Aquamatch Satranc Genclik VE Spor Kulubu"]
[BlackTeam "Akdeniz Belediyesi Spor Kulubu"]
[WhiteFideId "4162722"]
[BlackFideId "4129199"]
[EventDate "2014.08.18"]

1. e4 c5 2. Nf3 e6 3. d4 cxd4 4. Nxd4 Nc6 5. Nc3 a6 6. Nxc6 bxc6 7. Bd3 d5 8.
O-O Nf6 9. Qf3 Be7 10. e5 Nd7 11. Qg3 Kf8 12. Na4 h5 13. h3 h4 14. Qe3 c5 15. c4
d4 16. Qe2 Nb6 17. Nxb6 Qxb6 18. f4 g6 19. Be4 Bb7 20. Rf3 Rb8 21. Rb3 Qc7 22.
Bxb7 Rxb7 23. Bd2 Kg7 24. Ba5 Qc6 25. Rxb7 Qxb7 26. Rd1 Rb8 27. b3 Bd8 28. Bd2
a5 29. Rb1 Qc6 30. a4 Qa8 31. Kf2 Bc7 32. Qf3 Qxf3+ 33. Kxf3 Rh8 34. Kg4 Bd8 35.
Be1 Kf8 36. Rd1 Ke8 37. Rd3 Kd7 38. Rf3 1/2-1/2

[Event "TCh-TUR Super League 2014"]
[Site "Kocaeli TUR"]
[Date "2014.08.29"]
[Round "13.5"]
[Board "2"]
[White "Filippov, Anton UZB"]
[Black "Citak, Selim"]
[Result "1/2-1/2"]
[WhiteTitle "GM"]
[BlackTitle "FM"]
[WhiteElo "2615"]
[BlackElo "2340"]
[WhiteTeam "Akdeniz Belediyesi Spor Kulubu"]
[BlackTeam "Denizsu Aquamatch Satranc Genclik VE Spor Kulubu"]
[WhiteFideId "14200988"]
[BlackFideId "6301819"]
[EventDate "2014.08.18"]

1. e4 e5 2. Nf3 Nf6 3. Nxe5 d6 4. Nf3 Nxe4 5. d4 d5 6. Bd3 Bd6 7. O-O O-O 8. c4
c6 9. Nc3 Nxc3 10. bxc3 dxc4 11. Bxc4 Bg4 12. h3 Bh5 13. Rb1 b5 14. Be2 Re8 15.
Be3 Nd7 16. d5 cxd5 17. Qxd5 Nf6 18. Qxb5 Nd5 19. Kh1 Nxe3 20. fxe3 Bg6 21. Rbd1
Rxe3 22. Bc4 Qe7 23. Qc6 Rd8 24. Rfe1 Be4 25. Rxe3 Bxc6 26. Rxe7 Bxe7 27. Rxd8+ 1/2-1/2